• 首页
  • 本馆介绍
  • 公告通知
  • 最新文献
  • 馆藏检索
  • 电子资源
  • 读者导购
  • 参考咨询
  • 我的图书馆
  • 登录
  • 详细信息显示
  • 放入我的书架
  • 预约/预借图书
  • 作者相关作品
  • 分类相关作品
  • 丛书相关作品
  • 出版社相关作品

书目信息

  • 表格格式
  • 工作单格式
  • 卡片格式
题名:
基础神经药理学
    
 
作者: 邹冈 主编
分册:  
出版信息: 北京   科学出版社  1999
页数: 440页
开本: 26cm
丛书名:
单 册:
中图分类: R964
科图分类:
主题词: 神经系统疾病-药理学 , 药理学-神经系统疾病
电子资源:
ISBN: 7-03-006986-2
000 00862nam0 2200253 45
001 0188013065
005 20070727170252.00
010    @a7-03-006986-2@dCNY50.00
100    @a19910417d1999 km y0chiy0120 ea
101 0  @achi
102    @aCN@b110000
105    @ay z 000yy
200 10 @a基础神经药理学@Aji chu shen jing yao li xue@f邹 冈主编@Fzou gang zhu bian
205    @a2版
210    @a北京@c科学出版社@d1999
215    @a440页@d26cm
330    @a本书是一本工具书,介绍了该学科最基本的概念、原则和研究成果。全书18章,前5章论述了药理学基础知识,后面各章都以内源性活性物质及其受体为中心阐述了它们的交互作用。
540 1  @a基础神经药理学@Aji chu shen jing yao li xue
606    @a神经系统疾病-药理学
606    @a药理学-神经系统疾病
690    @aR964@v4
701  0 @a邹冈@Azou gang@4主编
801  0 @aCN@bTSSF@c20070727
905    @a10447@dR964@e65=2
    
    基础神经药理学/邹 冈主编.-2版.-北京:科学出版社,1999
    440页;26cm
    
    
    ISBN 7-03-006986-2:CNY50.00
    本书是一本工具书,介绍了该学科最基本的概念、原则和研究成果。全书18章,前5章论述了药理学基础知识,后面各章都以内源性活性物质及其受体为中心阐述了它们的交互作用。
●
相关链接 在E读中查询图书 在五车中查询图书 在当当中查询图书 在豆瓣中查询图书


正题名:基础神经药理学     索取号:R964/65=2         预约/预借

序号 登录号 条形码 馆藏地/架位号 状态 备注
1 0788876   207888767   第三借阅区/ [索取号:R964/65=2] 在馆    
唐山师范学院图书馆 欢迎您!
大连网信软件有限公司© 版权所有